Statistics for All Swords for the Zenith 1.4.4

Click here to take the quiz!

General Stats

  • This quiz has been taken 13 times
  • The average score is 13 of 20

Answer Stats

Answer% Correct
Excalibur
100%
True Excalibur
100%
Copper Shortsword
83%
Night's Edge
83%
Star Fury
83%
Terra Blade
83%
True Night's Edge
83%
Bee Keeper
67%
Blade of Grass
67%
Broken Hero Sword
67%
Enchanted Sword
67%
Meowmere
67%
Volcano
67%
Blood Butcherer
50%
Influx Waver
50%
Muramasa
50%
Seedler
50%
Star Wrath
50%
Horseman's Blade
33%
Lights Bane
33%

Score Distribution

Percentile by Number Answered

Percent of People with Each Score

Your Score History

You have not taken this quiz